[Event "Titled Tuesday intern op 26th Jan"]
[Site "Chess.com INT"]
[Date "2021.01.26"]
[Round "3"]
[White "Osorio Guevara, Javier Jose"]
[Black "Mazur, Stefan"]
[Result "0-1"]
[WhiteElo "2099"]
[BlackElo "2416"]
[PlyCount "58"]
[EventDate "2021.01.26"]
[EventType "swiss (blitz)"]
[EventRounds "11"]
[EventCountry "USA"]
[SourceTitle "CBM 200 Extra"]
[Source "ChessBase"]
[SourceDate "2021.03.31"]
[SourceVersion "1"]
[SourceVersionDate "2021.03.31"]
[SourceQuality "1"]

1. Nf3 Nf6 2. g3 g6 3. Bg2 Bg7 4. 0-0 0-0 5. d3 d6 6. e4 e5 7. Nbd2 Nc6 8. a4 a5 9. Nc4 Be6 10. Ng5 Bxc4 11. dxc4 Nd7 12. c3 Nc5 13. Be3 Qe7 14. Bxc5 dxc5 15. h4 Rad8 16. Qb3 b6 17. Rfd1 Bh6 18. Nf3 Qe6 19. Rd5 f5 20. exf5 gxf5 21. Rad1 e4 22. Ng5 Bxg5 23. hxg5 Rde8 24. Rd7 f4 25. gxf4 Rxf4 26. Qc2 Ne5 27. Bxe4 Qg4+ 28. Kf1 Rxe4 29. Rxc7 Qh3+ 0-1

[Event "Titled Tuesday intern op 26th Jan"]
[Site "Chess.com INT"]
[Date "2021.01.26"]
[Round "6"]
[White "Osorio Guevara, Javier Jose"]
[Black "Mezentsev, Ivan"]
[Result "0-1"]
[WhiteElo "2099"]
[BlackElo "2354"]
[PlyCount "78"]
[EventDate "2021.01.26"]
[EventType "swiss (blitz)"]
[EventRounds "11"]
[EventCountry "USA"]
[SourceTitle "CBM 200 Extra"]
[Source "ChessBase"]
[SourceDate "2021.03.31"]
[SourceVersion "1"]
[SourceVersionDate "2021.03.31"]
[SourceQuality "1"]

1. Nf3 Nf6 2. g3 g6 3. Bg2 Bg7 4. 0-0 d6 5. d3 0-0 6. e4 c5 7. Nbd2 Nc6 8. a4 Bg4 9. h3 Bxf3 10. Bxf3 e6 11. Bg2 Qc7 12. f4 Rab8 13. Nc4 d5 14. exd5 exd5 15. Ne3 Rbd8 16. Ng4 Nh5 17. Kh2 Rfe8 18. c3 d4 19. c4 f5 20. Nf2 Re3 21. Bf3 Nxf4 22. gxf4 Qxf4+ 23. Kg2 Be5 24. Rg1 Qg3+ 25. Kf1 Qxf3 26. Bxe3 Qxe3 27. Qe2 Bf4 28. Re1 Ne5 29. Nd1 Qxh3+ 30. Qg2 Qxd3+ 31. Qe2 Qh3+ 32. Qg2 Qb3 33. Nf2 Qxc4+ 34. Re2 d3 35. Rxe5 d2+ 36. Re2 d1Q+ 37. Nxd1 Rxd1+ 38. Kf2 Qd4+ 39. Kf3 Rd3+ 0-1

[Event "Titled Tuesday intern op 19th Jan"]
[Site "Chess.com INT"]
[Date "2021.01.19"]
[Round "11"]
[White "Osorio Guevara, Javier Jose"]
[Black "Balla, Tamas Kristof"]
[Result "1-0"]
[WhiteElo "2099"]
[BlackElo "2336"]
[PlyCount "115"]
[EventDate "2021.01.19"]
[EventType "swiss (blitz)"]
[EventRounds "11"]
[EventCountry "USA"]
[SourceTitle "CBM 200 Extra"]
[Source "ChessBase"]
[SourceDate "2021.03.31"]
[SourceVersion "1"]
[SourceVersionDate "2021.03.31"]
[SourceQuality "1"]

1. Nf3 c5 2. g3 Nc6 3. Bg2 g6 4. 0-0 Bg7 5. d3 d5 6. Nbd2 e6 7. e4 Nge7 8. Re1 b6 9. exd5 Nxd5 10. a4 0-0 11. Nc4 Bb7 12. c3 Qc7 13. a5 Rad8 14. Qa4 h6 15. Nfd2 Rb8 16. a6 Ba8 17. Na3 Qd7 18. Nb5 Rbd8 19. Nc4 Nde7 20. Rd1 Kh7 21. h4 Ne5 22. Bxa8 Rxa8 23. Nxe5 Bxe5 24. d4 cxd4 25. Nxd4 Qxa4 26. Rxa4 Rfd8 27. Be3 Rd5 28. Re1 Rad8 29. Nf3 Bc7 30. Bd4 Nf5 31. Bf6 R8d7 32. g4 Ne7 33. Rc4 b5 34. Rd4 Nc6 35. Rxd5 Rxd5 36. g5 Bb6 37. Kf1 Bd8 38. Bxd8 Rxd8 39. Ke2 hxg5 40. hxg5 Rb8 41. Rd1 Rb6 42. Rd7 Kg7 43. Rb7 Rxa6 44. Rxb5 Ne7 45. Ne5 Nc6 46. Nd7 Ra5 47. Rxa5 Nxa5 48. f4 Nc4 49. b4 Nd6 50. Kd3 Nf5 51. c4 Ne7 52. Kd4 Kg8 53. b5 Kg7 54. Kc5 Nf5 55. Kc6 Nd4+ 56. Kb7 Ne2 57. Kxa7 Nxf4 58. b6 1-0

[Event "Titled Tuesday intern op 19th Jan"]
[Site "Chess.com INT"]
[Date "2021.01.19"]
[Round "10"]
[White "Osorio Guevara, Javier Jose"]
[Black "Miroshnik, Ekaterina"]
[Result "0-1"]
[WhiteElo "2099"]
[BlackElo "2118"]
[PlyCount "100"]
[EventDate "2021.01.19"]
[EventType "swiss (blitz)"]
[EventRounds "11"]
[EventCountry "USA"]
[SourceTitle "CBM 200 Extra"]
[Source "ChessBase"]
[SourceDate "2021.03.31"]
[SourceVersion "1"]
[SourceVersionDate "2021.03.31"]
[SourceQuality "1"]

1. Nf3 e6 2. g3 d5 3. Bg2 Nf6 4. 0-0 b5 5. d3 Be7 6. Nbd2 Bb7 7. Re1 0-0 8. e4 c5 9. e5 Nfd7 10. Nf1 Nc6 11. h4 a5 12. N1h2 b4 13. Bf4 a4 14. a3 Nb6 15. h5 Qd7 16. h6 g6 17. Ng4 Qd8 18. Qd2 Nd7 19. Bg5 Nd4 20. Bxe7 Nxf3+ 21. Bxf3 Qxe7 22. Qf4 Bc6 23. c4 bxc3 24. bxc3 Rfb8 25. c4 Rb3 26. cxd5 exd5 27. e6 fxe6 28. Qc7 Rb6 29. Ne5 Qd8 30. Qxd8+ Rxd8 31. Nxc6 Rxc6 32. Rab1 Nb6 33. Rb5 Kf7 34. Reb1 Rdd6 35. g4 Kf6 36. Be2 Kg5 37. Rc1 Nd7 38. Ra5 Ra6 39. Rb5 Rdb6 40. Rxb6 Rxb6 41. Kg2 Rb3 42. Kg3 Kxh6 43. f4 g5 44. Rh1+ Kg7 45. fxg5 c4 46. Rd1 Nc5 47. Kh4 cxd3 48. Bf3 Rxa3 49. Rc1 d2 50. Rxc5 Rxf3 0-1

[Event "Speed Chess Super Swiss"]
[Site "Chess.com INT"]
[Date "2020.10.03"]
[Round "10"]
[White "Jakubowska, Anna"]
[Black "Osorio Guevara, Javier Jose"]
[Result "1-0"]
[WhiteElo "2073"]
[BlackElo "2099"]
[PlyCount "71"]
[EventDate "2020.10.03"]
[EventType "swiss (blitz)"]
[EventRounds "15"]
[EventCountry "USA"]
[SourceTitle "CBM 198 Extra"]
[Source "ChessBase"]
[SourceDate "2020.11.30"]
[SourceVersion "1"]
[SourceVersionDate "2020.11.30"]
[SourceQuality "1"]

1. e4 c5 2. Nc3 Nc6 3. g3 g6 4. Bg2 Bg7 5. d3 d6 6. Nh3 Rb8 7. 0-0 b5 8. f4 Bd7 9. Be3 b4 10. Na4 Qa5 11. b3 Nd4 12. a3 Bxa4 13. axb4 Rxb4 14. Bd2 Nxb3 15. Bxb4 Qxb4 16. Rxa4 Qxa4 17. cxb3 Qd4+ 18. Kh1 Nf6 19. e5 dxe5 20. Bc6+ Nd7 21. Qa1 Qxa1 22. Rxa1 Kd8 23. Rxa7 Nb6 24. Rb7 Na8 25. Rd7+ Kc8 26. Rxe7 Nc7 27. Rxf7 Rg8 28. Ng5 exf4 29. gxf4 h6 30. Ne4 Bd4 31. Nd6+ Kb8 32. Nc4 Ne6 33. Rb7+ Kc8 34. Ra7 Rd8 35. Re7 Nxf4 36. Nb6+ 1-0

[Event "Speed Chess Super Swiss"]
[Site "Chess.com INT"]
[Date "2020.10.03"]
[Round "11"]
[White "Osorio Guevara, Javier Jose"]
[Black "Schut, Han"]
[Result "0-1"]
[WhiteElo "2099"]
[BlackElo "2101"]
[PlyCount "33"]
[EventDate "2020.10.03"]
[EventType "swiss (blitz)"]
[EventRounds "15"]
[EventCountry "USA"]
[SourceTitle "CBM 198 Extra"]
[Source "ChessBase"]
[SourceDate "2020.11.30"]
[SourceVersion "1"]
[SourceVersionDate "2020.11.30"]
[SourceQuality "1"]

1. Nf3 c5 2. e4 Nc6 3. d4 cxd4 4. Nxd4 Nf6 5. Nc3 g6 6. Be3 Bg7 7. Bc4 0-0 8. Bb3 Na5 9. f3 Nxb3 10. axb3 d5 11. e5 Ne8 12. f4 e6 13. Qd2 Bd7 14. 0-0 Nc7 15. Ndb5 Nxb5 16. Nxb5 Bxb5 17. Rfd1 0-1

[Event "Titled Tuesday intern op 29th Sept"]
[Site "Chess.com INT"]
[Date "2020.09.29"]
[Round "10"]
[White "Osorio Guevara, Javier Jose"]
[Black "Villegas, Pierre"]
[Result "1-0"]
[WhiteElo "2099"]
[BlackElo "2358"]
[PlyCount "67"]
[EventDate "2020.09.29"]
[EventType "swiss (blitz)"]
[EventRounds "10"]
[EventCountry "USA"]
[SourceTitle "CBM 198 Extra"]
[Source "ChessBase"]
[SourceDate "2020.11.30"]
[SourceVersion "1"]
[SourceVersionDate "2020.11.30"]
[SourceQuality "1"]

1. Nf3 d5 2. g3 Nf6 3. Bg2 c5 4. 0-0 Nc6 5. d3 g6 6. Nbd2 Bg7 7. e4 e6 8. Re1 0-0 9. exd5 Nxd5 10. a4 b6 11. Nc4 Bb7 12. c3 Re8 13. a5 b5 14. a6 Bc8 15. Ne3 Qb6 16. Nxd5 Qd8 17. Ne3 Bd7 18. Nf1 Qb6 19. Be3 e5 20. Qb3 Be6 21. Qa3 b4 22. Qa4 Rac8 23. Ng5 Bd7 24. Qb3 Re7 25. Bd5 Be8 26. Ne4 Nd8 27. cxb4 Qxb4 28. Qxb4 cxb4 29. Bc4 Nc6 30. Nd6 Rd8 31. Nxe8 Rexe8 32. Bb5 Re6 33. Bxc6 Rxc6 34. Rec1 1-0

[Event "Titled Tuesday intern op 29th Sept"]
[Site "Chess.com INT"]
[Date "2020.09.29"]
[Round "3"]
[White "Perez Gormaz, Matias Ariel"]
[Black "Osorio Guevara, Javier Jose"]
[Result "0-1"]
[WhiteElo "2413"]
[BlackElo "2099"]
[PlyCount "108"]
[EventDate "2020.09.29"]
[EventType "swiss (blitz)"]
[EventRounds "10"]
[EventCountry "USA"]
[SourceTitle "CBM 198 Extra"]
[Source "ChessBase"]
[SourceDate "2020.11.30"]
[SourceVersion "1"]
[SourceVersionDate "2020.11.30"]
[SourceQuality "1"]

1. e4 c5 2. Nf3 d6 3. Nc3 a6 4. g3 g6 5. d4 Bg7 6. dxc5 dxc5 7. Qxd8+ Kxd8 8. Be3 Nd7 9. 0-0-0 Ke8 10. Nd5 Rb8 11. Bxc5 Bxb2+ 12. Kxb2 Nxc5 13. Bg2 Nf6 14. Rhe1 Be6 15. Nc7+ Kf8 16. Nd4 Bc4 17. Nd5 Ng4 18. h3 Nxf2 19. Rd2 Nfxe4 20. Bxe4 Nxe4 21. Rxe4 Bxd5 22. Re3 e6 23. Rf2 Kg7 24. Ne2 b5 25. Nf4 Rbd8 26. Rd2 Rd6 27. Red3 Rhd8 28. a4 bxa4 29. c4 g5 30. Ne2 Bxc4 31. Rxd6 Rxd6 32. Rxd6 Bxe2 33. Rd4 Bb5 34. Kc1 f5 35. Kd2 h5 36. Ke3 Kf6 37. Rd1 Ke5 38. Re1 Kd5 39. Rc1 Ke5 40. h4 f4+ 41. gxf4+ gxf4+ 42. Kf3 Kf5 43. Rg1 Bc6+ 44. Kf2 a3 45. Ra1 Kg4 46. Rxa3 Bb5 47. Ra1 Kxh4 48. Kf3 e5 49. Re1 Bc6+ 50. Kf2 e4 51. Rc1 e3+ 52. Ke2 Bb5+ 53. Ke1 Kg3 54. Rc8 f3 0-1

[Event "Medellin Castro Memorial 36th"]
[Site "Medellin"]
[Date "2019.08.09"]
[Round "4"]
[White "Garnier, Rene Augusto"]
[Black "Osorio Guevara, Javier Jose"]
[Result "1/2-1/2"]
[WhiteElo "2203"]
[BlackElo "2097"]
[PlyCount "47"]
[EventDate "2019.08.07"]
[EventType "swiss"]
[EventRounds "9"]
[EventCountry "COL"]
[SourceTitle "EXT 2020"]
[Source "ChessBase"]
[SourceDate "2019.10.17"]
[SourceVersion "1"]
[SourceVersionDate "2019.10.17"]
[SourceQuality "1"]

1. e4 c5 2. Nf3 d6 3. d4 cxd4 4. Nxd4 Nf6 5. f3 e6 6. c4 Be7 7. Nc3 0-0 8. Be3 a6 9. Be2 Nc6 10. 0-0 Bd7 11. Qd2 Qb8 12. Rac1 Nxd4 13. Bxd4 b5 14. cxb5 axb5 15. a3 b4 16. axb4 Qxb4 17. Rfd1 Rfb8 18. Rb1 e5 19. Be3 h6 20. Bf1 Be6 21. Qf2 Bd8 22. Rd2 Qxc3 23. bxc3 Rxb1 24. Rb2 1/2-1/2

[Event "VEN-chT Liga Superior qual"]
[Site "Caracas"]
[Date "2018.01.28"]
[Round "5.5"]
[White "Huerta Escobar, Bruce"]
[Black "Osorio Guevara, Javier Jose"]
[Result "0-1"]
[WhiteElo "2031"]
[BlackElo "2116"]
[PlyCount "52"]
[EventDate "2018.01.26"]
[EventType "team-swiss"]
[EventRounds "6"]
[EventCountry "VEN"]
[SourceTitle "EXT 2022"]
[Source "ChessBase"]
[SourceDate "2021.10.06"]
[SourceVersion "1"]
[SourceVersionDate "2021.10.06"]
[SourceQuality "1"]
[WhiteTeam "Caracas 64"]
[BlackTeam "Ajedrez Alegre"]
[WhiteTeamCountry "VEN"]
[BlackTeamCountry "VEN"]

1. e4 c5 2. Nf3 e6 3. d3 d5 4. Nbd2 Nf6 5. g3 Nc6 6. Bg2 Be7 7. 0-0 h6 8. Re1 Rb8 9. Qe2 b6 10. Nf1 Ba6 11. exd5 Nxd5 12. Ne3 Nxe3 13. Bxe3 Bf6 14. Rab1 0-0 15. Bf4 Rc8 16. h4 Bb7 17. Qd2 Ne7 18. h5 Qd5 19. g4 Rfd8 20. Kh2 Ba8 21. Rg1 c4 22. Ne5 Qb5 23. Bxa8 Bxe5 24. Bxe5 Qxe5+ 25. f4 Qd4 26. Be4 Qxe4 0-1

[Event "VEN-chT Liga Superior qual"]
[Site "Caracas"]
[Date "2018.01.28"]
[Round "6.4"]
[White "Osorio Guevara, Javier Jose"]
[Black "Rondon Chacon, Rene Ibrahim"]
[Result "1-0"]
[WhiteElo "2116"]
[BlackElo "2160"]
[PlyCount "139"]
[EventDate "2018.01.26"]
[EventType "team-swiss"]
[EventRounds "6"]
[EventCountry "VEN"]
[SourceTitle "EXT 2022"]
[Source "ChessBase"]
[SourceDate "2021.10.06"]
[SourceVersion "1"]
[SourceVersionDate "2021.10.06"]
[SourceQuality "1"]
[WhiteTeam "Ajedrez Alegre"]
[BlackTeam "Rising Sars Academy"]
[WhiteTeamCountry "VEN"]
[BlackTeamCountry "VEN"]

1. Nf3 Nf6 2. d3 d5 3. Nbd2 g6 4. g3 Bg7 5. Bg2 0-0 6. 0-0 c5 7. e4 Nc6 8. c3 e5 9. exd5 Nxd5 10. Ng5 h6 11. Nge4 b6 12. Qa4 Bb7 13. Nc4 Nce7 14. Qb3 Bc6 15. a4 Kh7 16. Re1 f5 17. Ned2 Qc7 18. Nf3 e4 19. dxe4 fxe4 20. Nfd2 e3 21. fxe3 Nf6 22. e4 Rad8 23. Nf1 Ng4 24. Bf4 Qb7 25. Nd6 Qa8 26. Qe6 g5 27. Bxg5 hxg5 28. Qxe7 Rd7 29. Qxg5 Nh6 30. Nc4 Rdf7 31. Re2 Bf6 32. Qh5 Re7 33. Rae1 Be8 34. Qd5 Bc6 35. Qd3 Kh8 36. e5 Bxg2 37. Rxg2 Bg7 38. Qe4 Qe8 39. Rge2 Qxa4 40. Nd6 Qd7 41. Qh4 Kg8 42. Qg5 Re6 43. Ne4 Rf5 44. Qd2 Qxd2 45. Nexd2 Rexe5 46. Rxe5 Bxe5 47. Nc4 Bg7 48. Re7 b5 49. Nd6 Re5 50. Rxe5 Bxe5 51. Nxb5 a6 52. Na3 Nf5 53. Nc4 Bf6 54. Kf2 Kf7 55. Nfe3 Ne7 56. Kf3 Ke6 57. Ke4 Nc6 58. h4 a5 59. Ng2 a4 60. g4 Na7 61. g5 Be7 62. Nf4+ Kf7 63. Kf5 Nb5 64. h5 a3 65. bxa3 Nxc3 66. h6 Nb5 67. g6+ Kg8 68. a4 Nd4+ 69. Ke4 Bf8 70. h7+ 1-0

[Event "Porlamar Margarita Village"]
[Site "Porlamar"]
[Date "2016.02.05"]
[Round "4.3"]
[White "Osorio Guevara, Javier Jose"]
[Black "Rondon Chacon, Rene Ibrahim"]
[Result "1/2-1/2"]
[WhiteElo "2152"]
[BlackElo "2163"]
[PlyCount "116"]
[EventDate "2016.02.03"]
[EventType "tourn"]
[EventRounds "9"]
[EventCountry "VEN"]
[SourceTitle "EXT 2018"]
[Source "ChessBase"]
[SourceDate "2017.10.13"]
[SourceVersion "1"]
[SourceVersionDate "2017.10.13"]
[SourceQuality "1"]

1. e4 e5 2. Nf3 Nf6 3. Nxe5 d6 4. Nf3 Nxe4 5. d4 d5 6. Bd3 Bd6 7. 0-0 0-0 8. c4 c6 9. cxd5 cxd5 10. Nc3 Nxc3 11. bxc3 Bg4 12. Rb1 Nd7 13. h3 Bh5 14. Rb5 Nb6 15. c4 Nxc4 16. Bxc4 Bxf3 17. Qxf3 dxc4 18. Rxb7 Qf6 19. Qxf6 gxf6 20. Bh6 Rfe8 21. Rd1 f5 22. Kf1 c3 23. Rc1 Re6 24. Bg5 Rae8 25. g3 Rc8 26. Rc2 h6 27. Bc1 Re4 28. Bxh6 f4 29. Rd7 Re6 30. Bxf4 Bxf4 31. gxf4 a6 32. Rd5 Rc4 33. f3 Rh6 34. Kg2 Rb6 35. Rd8+ Kg7 36. d5 a5 37. Re8 a4 38. Kf2 Rb5 39. d6 Rd5 40. Re4 Rxe4 41. fxe4 Rxd6 42. Ke3 Rh6 43. Rxc3 Rxh3+ 44. Kd4 Rh4 45. f5 Rh8 46. Ra3 Ra8 47. e5 Kf8 48. f6 Ke8 49. Ke4 Ra6 50. Rd3 a3 51. Kf5 Ra5 52. Rb3 Ra8 53. Rb5 Kf8 54. e6 fxe6+ 55. Kxe6 Re8+ 56. Kf5 Re2 57. Rb8+ Kf7 58. Rb7+ Kf8 1/2-1/2

[Event "Porlamar Margarita Village"]
[Site "Porlamar"]
[Date "2016.02.05"]
[Round "5.4"]
[White "Perelman, Hernan"]
[Black "Osorio Guevara, Javier Jose"]
[Result "1-0"]
[WhiteElo "2335"]
[BlackElo "2152"]
[PlyCount "58"]
[EventDate "2016.02.03"]
[EventType "tourn"]
[EventRounds "9"]
[EventCountry "VEN"]
[SourceTitle "EXT 2018"]
[Source "ChessBase"]
[SourceDate "2017.10.13"]
[SourceVersion "1"]
[SourceVersionDate "2017.10.13"]
[SourceQuality "1"]

1. d4 Nf6 2. Nf3 g6 3. Bf4 Bg7 4. e3 0-0 5. h3 c5 6. c3 d6 7. Nbd2 b6 8. a4 Nc6 9. Be2 Bb7 10. 0-0 Rc8 11. Re1 Na5 12. Qb1 d5 13. Bd3 a6 14. Qa2 c4 15. Bc2 Nh5 16. Bh2 f5 17. Ne5 Nf6 18. f3 Nd7 19. Rad1 Bxe5 20. dxe5 e6 21. f4 g5 22. Nf3 h6 23. Qb1 Qe7 24. Nd4 Nc5 25. g4 gxf4 26. gxf5 Qh4 27. Rd2 Qxh3 28. Bxf4 Kh8 29. Rh2 Qg4+ 1-0

[Event "Porlamar Margarita Village"]
[Site "Porlamar"]
[Date "2016.02.04"]
[Round "3.3"]
[White "Sosa, Tomas Sebastian"]
[Black "Osorio Guevara, Javier Jose"]
[Result "1-0"]
[WhiteElo "2422"]
[BlackElo "2152"]
[PlyCount "69"]
[EventDate "2016.02.03"]
[EventType "tourn"]
[EventRounds "9"]
[EventCountry "VEN"]
[SourceTitle "EXT 2018"]
[Source "ChessBase"]
[SourceDate "2017.10.13"]
[SourceVersion "1"]
[SourceVersionDate "2017.10.13"]
[SourceQuality "1"]

1. e4 c5 2. c3 d5 3. exd5 Qxd5 4. d4 Nc6 5. Nf3 Bf5 6. dxc5 Qxd1+ 7. Kxd1 e5 8. Be3 Nf6 9. b4 Nd5 10. Bc4 0-0-0 11. Kc1 Be7 12. Rd1 Be4 13. Kb2 Nxe3 14. Rxd8+ Rxd8 15. fxe3 Bxf3 16. gxf3 Rd1 17. Bxf7 Re1 18. Nd2 Re2 19. Rd1 Nd8 20. Bd5 Rxh2 21. Kb3 h5 22. Nc4 Re2 23. Be4 h4 24. Bd3 Rf2 25. Bf5+ Kb8 26. Nxe5 Nc6 27. Rd7 Bf6 28. Rf7 a6 29. Nd7+ Ka7 30. Nxf6 gxf6 31. Be4 Kb8 32. Rxf6 h3 33. Rh6 h2 34. Bxc6 bxc6 35. e4 1-0

[Event "Porlamar Margarita Village"]
[Site "Porlamar"]
[Date "2016.02.03"]
[Round "1.2"]
[White "Bobadilla Viera, Jorge Samuel"]
[Black "Osorio Guevara, Javier Jose"]
[Result "1-0"]
[WhiteElo "2259"]
[BlackElo "2152"]
[PlyCount "119"]
[EventDate "2016.02.03"]
[EventType "tourn"]
[EventRounds "9"]
[EventCountry "VEN"]
[SourceTitle "EXT 2018"]
[Source "ChessBase"]
[SourceDate "2017.10.13"]
[SourceVersion "1"]
[SourceVersionDate "2017.10.13"]
[SourceQuality "1"]

1. e4 c5 2. Nf3 d6 3. d4 cxd4 4. Nxd4 Nf6 5. Nc3 g6 6. Be3 Bg7 7. f3 Nc6 8. Qd2 0-0 9. 0-0-0 Bd7 10. g4 Ne5 11. h4 Rc8 12. Kb1 h5 13. gxh5 Nxh5 14. Rg1 Rxc3 15. bxc3 Qa5 16. Nb3 Qa3 17. Be2 b5 18. Ka1 Rc8 19. Bd4 b4 20. Qc1 Qa4 21. f4 Nc4 22. Bxh5 e5 23. fxe5 dxe5 24. Bf2 gxh5 25. Rxd7 Qxd7 26. Nc5 Qd2 27. Qxd2 Nxd2 28. cxb4 Kh7 29. a4 f6 30. Rd1 Bh6 31. Be1 Nf3 32. Rd7+ Kg6 33. Bf2 Bd2 34. Rd3 Bxb4 35. Rxf3 Bxc5 36. Rc3 Bxf2 37. Rxc8 Bxh4 38. c4 Bf2 39. c5 Kf7 40. c6 Ke7 41. c7 Kd7 42. Rf8 Kxc7 43. Rxf6 Bg3 44. Rh6 h4 45. Ka2 a5 46. Kb3 Bf2 47. Kc4 Kd7 48. Kd5 Bg3 49. Rh7+ Ke8 50. Ke6 Kd8 51. Kf5 Kc8 52. Kg4 Kd8 53. Rxh4 Bxh4 54. Kxh4 Kd7 55. Kg5 Kd6 56. Kf6 Kc5 57. Kxe5 Kb4 58. Kd5 Kxa4 59. Kc4 Ka3 60. e5 1-0